00400nam a2200097 4500008004100000022001300041245005600054260012300110300003200233440003700265250127b |||||||| |||| 00| 0 eng d a09707158 aAbhyanga tantra ayurveda massagecDr. P.H. Kulkarni a 36, Kothrud gaonthan, opp. mhatoba temple, bodhi vruksha, navagraha muruti, pune 411038bDeerghayu internationlc2016 aVol.2016, issue. 292c21 cm aAbhyanga tantra ayurveda massage